000 00615nam a2200181 a 4500
001 000022771
005 20200930021804.0
008 101117s1980 sp r 000 e spa d
020 _a8449914353
040 _aDO-SdBNP
_bspa
_cBNPHU
082 _annnn
_bR165i
100 1 _aRama, Carlos M.,
_946785
245 1 3 _aLa independencia de las Antillas y Ramón Emeterio Betances /
_cCarlos M. Rama.
260 _aSan Juan, Puerto Rico :
_bInstituto de Cultura Puertorriqueña,
_c1980.
300 _a153, [1] p. ;
_c24 cm.
504 _aIncluye referencias bibliográficas y notas al pie de las páginas.
049 _aBNGR
999 _c22268
_d22268